000 00705nam a22001937a 4500
003 BUBTL
008 190424b xxu||||| |||| 00| 0 eng d
020 _a984-18-0183-3
082 _a891.443 / CHP
100 _92292
_aচট্টোপাধ্যায়, শরৎচন্দ্র
245 _aপথের দাবী /
_cশরৎচন্দ্র চট্টোপাধ্যায়
250 _a2nd ed.
260 _aঢাকা
_bবিশ্ব সাহিত্য কেন্দ্র
_cc2013
300 _a250 p. :
_c22 cm.
650 0 _91687
_aবাংলা সাহিত্য
856 _k0
_l0
_yDownload
942 _2ddc
_cBK
999 _c5990
_d5990